000
00284nam a22001337a 4500
008
170224b xxu||||| |||| 00| 0 eng d
020
_a
0316799017
041
_a
eng
080
_2
4 ED
_a
617
100
_a
5
101
_a
SHS
245
_a
PLASTIC SURGERY
_c
SMITH.J.W
942
_2
udc
_c
BK
999
_c
6195
_d
6195